• 首页
  • 本馆介绍
  • 公告通知
  • 最新文献
  • 馆藏检索
  • 电子资源
  • 读者导购
  • 参考咨询
  • 我的图书馆
  • 登录
  • 详细信息显示
  • 放入我的书架
  • 预约/预借图书
  • 作者相关作品
  • 分类相关作品
  • 丛书相关作品
  • 出版社相关作品

书目信息

  • 表格格式
  • 工作单格式
  • 卡片格式
题名:
安身立命
    
 
作者: 许纪霖 著
分册:  
出版信息: 上海   上海人民出版社  2019.08
页数: 626页
开本: 24cm
丛书名:
单 册:
中图分类: D663.5
科图分类:
主题词: 知识分子--研究--中国
电子资源:
ISBN: 978-7-208-15930-3
000 00800nam0 2200229 450
001 0103152659
005 20201103152732.0
010    @a978-7-208-15930-3@dCNY88.00
100    @a20200408e20202019em y0chiy50 ea
101 0  @achi
102    @aCN@b310000
105    @ay z 000yy
106    @ar
200 1  @a安身立命@Aan shen li ming@e大时代中的知识人@f许纪霖著
210    @a上海@c上海人民出版社@d2019.08@h2020.01
215    @a626页@d24cm
330    @a本书分为特写、群像两部分,主要内容包括:在中西新旧之间、知识与心灵的世界、知识分子与权力体制、思想的自我改造、世纪末的知识分子、知识分子的宏观图景、知识分子与中国社会等。
606 0  @a知识分子@x研究@y中国
690    @aD663.5@v5
701  0 @a许纪霖@Axu ji lin@f(1957-)@4著
801  0 @aCN@bBJSZM@c20201103
905    @b1257596-600@dD663.5@e258@f5
    
    安身立命:大时代中的知识人/许纪霖著.-上海:上海人民出版社,2019.08(2020.01)
    626页;24cm
    
    
    ISBN 978-7-208-15930-3:CNY88.00
    本书分为特写、群像两部分,主要内容包括:在中西新旧之间、知识与心灵的世界、知识分子与权力体制、思想的自我改造、世纪末的知识分子、知识分子的宏观图景、知识分子与中国社会等。
●
相关链接 在E读中查询图书 在五车中查询图书 在当当中查询图书 在豆瓣中查询图书


正题名:安身立命     索取号:D663.5/258         预约/预借

序号 登录号 条形码 馆藏地/架位号 状态 备注
1 1257596   212575961   第一样本阅览室/ [索取号:D663.5/258] 在馆    
2 1257597   212575970   教育系资料室/ [索取号:D663.5/258] 在馆    
3 1257598   212575989   教育系资料室/ [索取号:D663.5/258] 在馆    
4 1257599   212575998   第一借阅区/ [索取号:D663.5/258] 在馆    
5 1257600   212576005   第一借阅区/ [索取号:D663.5/258] 在馆    
唐山师范学院图书馆 欢迎您!
大连网信软件有限公司© 版权所有